[Event "Karditsa"]
[Site "Karditsa"]
[Date "1994.??.??"]
[Round "6"]
[White "Mastrokoukos, Georgios"]
[Black "Kotronias, Vasilios"]
[Result "1-0"]
[WhiteElo "2385"]
[BlackElo "2545"]
[Annotator "Ftacnik,L"]
[PlyCount "43"]
[EventDate "1994.03.??"]
[EventType "tourn"]
[EventRounds "11"]
[EventCountry "GRE"]
[EventCategory "10"]
[SourceTitle "CBM 043"]
[Source "ChessBase"]
[SourceDate "1994.12.01"]
[SourceVersion "1"]
[SourceVersionDate "1994.12.01"]
[SourceQuality "1"]

1. d4 Nf6 2. c4 e6 3. Nf3 d5 4. g3 c6 5. Bg2 dxc4 6. a4 b5 7. Ne5 Nd5 8. O-O
Be7 $6 $146 (8... Bb7 9. b3) 9. e4 Nf6 10. d5 $5 (10. axb5 cxb5 11. Nc3 Qb6 12.
d5 O-O $13) 10... cxd5 (10... exd5 11. exd5 cxd5 12. axb5 O-O 13. Nc3 Bb7 14.
Nxc4 $16) 11. exd5 Nxd5 (11... exd5 12. axb5) 12. axb5 O-O (12... Bb7 13. Nxc4
O-O 14. Nc3 $16) 13. Nxc4 Bb4 {xa5, xc3} 14. Nc3 $1 Bxc3 (14... Bb7 15. Qb3
Bxc3 16. bxc3 Qf6 17. Nd6 $18) 15. bxc3 Qc7 16. Qb3 Bb7 (16... Nd7 17. b6 Qb7
18. Nd6 Qxb6 19. Qxb6 N7xb6 20. c4 $18) 17. Na5 Bc8 (17... Rc8 18. c4 $18) 18.
c4 Nb6 19. c5 $1 Nd5 (19... Qxc5 20. Ba3 Qf5 21. Bxf8 Kxf8 22. Qb4+ $18) 20.
Bxd5 exd5 21. Qxd5 Be6 (21... Bh3 22. Bf4 Qd7 23. Qxa8 Bxf1 24. Rxf1 $18) 22.
Qxa8 1-0

[Event "NED-ch49"]
[Site "Amsterdam"]
[Date "1994.06.16"]
[Round "10"]
[White "Piket, Jeroen"]
[Black "Van der Sterren, Paul"]
[Result "1-0"]
[WhiteElo "2605"]
[BlackElo "2605"]
[Annotator "Ftacnik,L"]
[PlyCount "87"]
[EventDate "1994.06.04"]
[EventType "tourn"]
[EventRounds "11"]
[EventCountry "NED"]
[EventCategory "11"]
[SourceTitle "CBM 042"]
[Source "ChessBase"]
[SourceDate "1994.10.01"]
[SourceVersion "1"]
[SourceVersionDate "1994.10.01"]
[SourceQuality "1"]

1. d4 {Kortschnoj} Nf6 2. c4 e6 3. Nf3 d5 4. g3 dxc4 5. Bg2 c5 6. O-O Nc6 7.
Ne5 Bd7 8. Na3 cxd4 9. Naxc4 Bc5 10. Qb3 O-O 11. Bf4 (11. Qxb7 $2 Nxe5 12. Nxe5
Rb8 13. Qa6 Bb5) 11... Qc8 12. Rac1 Nd5 13. Nd3 $1 $146 (13. Nxd7 Qxd7 14. Ne5
Nxe5 15. Bxe5 Rac8 16. Rcd1 $14) 13... Nxf4 14. gxf4 Be7 15. Nce5 Qc7 (15...
Rb8 $5 {Kortschnoj}) 16. Rc4 Rfc8 (16... Qd6 17. Qxb7 Na5 18. Qxd7 Qxd7 19.
Nxd7 Nxc4 20. Nxf8 Rxf8 21. Rc1 Rc8 22. Ne5 Nb6 23. Rxc8+ Nxc8 24. Bb7 $16) (
16... Bd6 $5 {Kortschnoj}) 17. Rfc1 Rab8 18. Nxd7 Qxd7 19. Bxc6 bxc6 20. Rxc6
$1 Bf6 (20... Rxb3 21. Rxc8+ Bf8 22. axb3 $16) 21. R1c5 h6 22. Qc4 Rxc6 23.
Rxc6 a5 24. b3 Qb7 25. f3 g6 26. Kf1 Kg7 (26... Qb5 27. Rc5 Qxc4 28. bxc4 $1
Ra8 29. a4 Bd8 30. Rc6 Kf8 31. Rd6 Bf6 32. c5 $16) 27. Rc7 Qb6 28. Nc5 Re8 (
28... Qxc7 $2 29. Nxe6+ $18) 29. Ne4 Rd8 30. Qc5 (30. f5 $5 gxf5 31. Ng3 Kg6 $1
(31... Rf8 32. Nh5+ Kg6 33. Nf4+ Kg5 34. Qc1 $16) (31... Rd5 $2 32. Nh5+ Kg6
33. Nf4+ $18) 32. Nxf5 Kxf5 33. Qd3+ Ke5 $1 34. Rxf7 Bh8 $1 $13) 30... Qxc5 31.
Nxc5 Rd6 32. Ra7 Bd8 33. Nd3 Rc6 $6 34. Rxf7+ Kxf7 35. Ne5+ Kf6 36. Nxc6 Bb6
37. Ke1 Kf5 38. Kd2 Kxf4 39. Kd3 e5 40. Ne7 e4+ (40... Kg5 41. Nd5 Bc5 42. Kc4
Bd6 43. a4 Kh4 (43... e4 44. f4+) 44. b4 axb4 45. a5 Kh3 46. a6 Bb8 47. Nxb4
Ba7 48. Nc6 Bb6 49. Kb5 $18) 41. fxe4 Kg5 42. e5 Bc5 43. Nc6 Kf5 44. Kc4 1-0

[Event "Moscow B"]
[Site "Moscow"]
[Date "1994.??.??"]
[Round "2"]
[White "Shipov, Sergei"]
[Black "Matros, Alexander"]
[Result "1-0"]
[WhiteElo "2525"]
[BlackElo "2400"]
[Annotator "Ftacnik,L"]
[PlyCount "43"]
[EventDate "1994.??.??"]
[EventType "tourn"]
[EventRounds "11"]
[EventCountry "RUS"]
[EventCategory "7"]
[SourceTitle "CBM 041"]
[Source "ChessBase"]
[SourceDate "1994.08.01"]
[SourceVersion "1"]
[SourceVersionDate "1994.08.01"]
[SourceQuality "1"]

1. d4 d5 2. c4 e6 3. Nf3 Nf6 4. g3 c6 5. Bg2 dxc4 6. Ne5 b5 7. a4 Nd5 8. e4 $5
(8. Nc3 Bb4 9. O-O Bxc3 10. e4 Bb4 11. exd5 cxd5 12. axb5 O-O 13. Nxc4 Nd7 14.
Bf4 Bb7 15. Qe2 Qe7 16. Na5 Bxa5 17. Rxa5 Qb4 18. Qd2 Qxd2 19. Bxd2 Nb6 20. Bb4
Nc4 21. Ra2 Rfd8 22. Rfa1 Rab8 23. Bf1 $16 {Vladimirov,B-Polovodin,I/Irkutsk/
1983/1-0 (45)}) (8. O-O Bb7 (8... Be7 9. e4 Nf6 10. d5 cxd5 11. exd5 Nxd5 12.
axb5 O-O 13. Nxc4 Bb4 14. Nc3 Bxc3 15. bxc3 Qc7 16. Qb3 Bb7 17. Na5 Bc8 18. c4
Nb6 19. c5 Nd5 20. Bxd5 exd5 21. Qxd5 Be6 {Mastrokoukos,G-Kotronias,V/Karditsa
(06)/1994/1-0 (22)}) (8... a6 9. b3 cxb3 10. axb5 cxb5 11. Qxb3 Be7 12. e4 Nb6
13. Rd1 O-O 14. d5 exd5 15. exd5 Bf6 16. Bb2 Qd6 17. f4 Nc4 18. Nd2 Nxe5 19.
fxe5 Bxe5 20. Bxe5 Qxe5 21. Qb4 Qe3+ 22. Kh1 Nd7 23. Re1 $17 {Huzman,A-Oll,L/
Sverdlovsk/1987/0-1 (31)}) 9. b3 cxb3 10. Qxb3 (10. axb5 cxb5 11. Qxb3 a6 12.
e4 Nf6 13. d5 exd5 14. exd5 Bd6 15. Nc6 Qb6 16. Re1+ Kf8 17. Ba3 b4 18. Nd2 Qb5
19. Nxb4 Kg8 20. Nc6 Qxb3 21. Nxb3 Bxa3 22. Rxa3 g6 23. Nc5 $16 {Nesis,
G-Zelinsky/corr/1976/1-0 (26)}) 10... a6 11. Nc3 Nd7 12. Nxd5 (12. axb5 axb5
13. Rxa8 Bxa8 14. Nxd5 exd5 15. e4 Nxe5 16. dxe5 d4 17. e6 f6 18. e5 fxe5 19.
Be4 Be7 20. Qf3 Qd6 21. Qf7+ Kd8 22. Bg5 Bb7 23. Ra1 $40 {Mochalov,E-Spirin/
corr/1986/1-0 (34)}) 12... exd5 13. e4 Nxe5 14. exd5 cxd5 15. dxe5 Bc5 16. axb5
O-O 17. b6 Bd4 18. Bb2 Bxb2 19. Qxb2 Rc8 20. Rfc1 Qd7 21. Qd4 Rxc1+ 22. Rxc1
Rc8 23. Rc5 $16 {Alburt,L-Taylor/Reykjavik op/1984/1-0 (32)}) (8. axb5 cxb5 9.
Nc3 Bb4 (9... f6 10. e4 (10. Nf3 Nxc3 11. bxc3 Bb7 12. O-O Be7 13. Qc2 f5 $1
$15 {Ulibin,M-Kharlov,A/St.Petersburg zt/1993/}) 10... Nxc3 11. Qh5+ g6 12.
Nxg6 hxg6 13. Qxg6+ Kd7 14. bxc3 Bb7 15. O-O Be7 16. d5 e5 17. d6 Bxd6 18. Rd1
a5 19. Bg5 Kc7 20. Bxf6 Qg8 21. Qf5 Bc8 22. Qf3 Bg4 23. Qe3 $13 {Milovanovic,
R-Raicevic,V/JUG-Cup Pula/1990/}) 10. O-O Bxc3 11. e4 Bxb2 (11... Bxd4 12. exd5
Bxe5 13. dxe6 Qxd1 14. Rxd1 Bxe6 15. Bxa8 a6 16. Bb7 O-O 17. Bxa6 Nxa6 18. Rxa6
b4 19. Ra4 b3 20. f4 Bf6 21. f5 Bxf5 22. Rxc4 h5 23. Rb4 $16 {Frunko-Matousek,
M/corr/1982/0.5 (37)}) (11... Ne7 12. bxc3 f6 13. Qh5+ g6 14. Nxg6 Nxg6 15. e5
Nc6 16. Bxc6+ Bd7 17. Bxa8 Qxa8 18. Bh6 Kf7 19. exf6 a5 20. Bg7 a4 21. Bxh8
Qxh8 22. d5 {Gulko,B-Mikhalchishin,A/Volgodonsk i 32\566/1981/1-0 (22)}) 12.
Bxb2 (12. exd5 Bxa1 13. Ba3 a5 14. Qg4 (14. dxe6 Bxe6 15. Bxa8 Bxd4 16. Nc6
Bxf2+ 17. Kxf2 Qc7 18. Bd6 Qb6+ 19. Qd4 Qxd4+ 20. Nxd4 b4 21. Ra1 Kd7 22. Bf4
Rc8 23. Bb7 $16 {Kengis,E-Meister,Y/Togliatti/1985/1-0 (26)}) 14... b4 (14...
g6 15. Rxa1 Ra6 16. Qf4 $13 {Glek,I-Oll,L/Tallinn/1986/0.5 (16)}) 15. Qxg7 Rf8
16. Rxa1 Ra6 (16... bxa3 17. dxe6 Bxe6 18. Bxa8 Qxd4 19. Rb1 Nd7 20. Bc6 Qd6
21. Bxd7+ Bxd7 22. Nxc4 Qc5 23. Rb8+ {Chernin,A-Yudasin,L/SSSR/1984/1-0 (24)})
17. Bc1 exd5 18. Bh6 Rxh6 19. Qxh6 Be6 20. Re1 Qe7 21. Nxc4 dxc4 22. d5 Kd7 23.
Qe3 $16 {Balashov,Y-Beliavsky,A/Kiev ch-SU/1986/1-0 (31)}) 12... Ne7 13. d5 O-O
14. Ba3 (14. d6 Nec6 15. Qh5 a6 16. Ng4 f6 17. e5 f5 18. Ne3 Ra7 19. Kh1 Raf7
20. f4 Qb6 21. Rae1 Nb4 22. Re2 Nd3 23. Ba1 $17 {Dokhoian,Y-Oll,L/Sochi/1984/
0-1 (40)}) 14... Nd7 15. Nxf7 Kxf7 16. dxe6+ Kxe6 17. Qh5 g6 18. Qxh7 Ne5 19.
Rad1 Nd3 $18 {Polovodin,I-Zhelnin,V/USSR/1983/}) 8... Nb4 (8... Nf6 9. O-O $13)
9. O-O Nd7 10. Nxd7 Qxd7 11. Nc3 Bb7 (11... Nd3 12. axb5 cxb5 13. d5 $36) 12.
axb5 cxb5 13. d5 a6 (13... exd5 14. exd5 Be7 15. d6 Bxg2 16. Re1 $1 $40) 14. b3
$1 Rc8 $2 (14... cxb3 15. Qxb3 exd5 16. exd5 (16. Nxd5 Nxd5 17. exd5 Be7 $13)
16... Nd3 17. Be3 $13) 15. Bh3 $1 Be7 16. Ba3 cxb3 17. Qxb3 Rc4 18. Rfd1 Qc7 (
18... Qc8 $2 19. d6 Rxc3 20. d7+ Qxd7 21. Qxc3 $18) 19. Na2 Nc2 20. d6 Nxa1 (
20... Bxd6 21. Bxd6 Nxa1 22. Qb2 $18) 21. Qb2 Bf6 $2 (21... Qd7 22. Qxg7 Bf8 (
22... Rf8 $2 23. dxe7 Qxd1+ 24. Bf1 $18) 23. Qxh8 Nb3 24. Bb2 $16) 22. dxc7 (
22. dxc7 Bxb2 23. Rd8#) 1-0

[Event "Leon"]
[Site "Leon"]
[Date "1995.??.??"]
[Round "4"]
[White "Bareev, Evgeny"]
[Black "Rivas Pastor, Manuel"]
[Result "1-0"]
[WhiteElo "2675"]
[BlackElo "2515"]
[Annotator "Ftacnik,L"]
[PlyCount "55"]
[EventDate "1995.05.??"]
[EventType "tourn"]
[EventRounds "9"]
[EventCountry "ESP"]
[EventCategory "14"]
[SourceTitle "CBM 048"]
[Source "ChessBase"]
[SourceDate "1995.10.01"]
[SourceVersion "1"]
[SourceVersionDate "1995.10.01"]
[SourceQuality "1"]

1. d4 Nf6 2. c4 e6 3. g3 d5 4. Bg2 dxc4 5. Nf3 c5 6. O-O Nc6 7. dxc5 Bxc5 8.
Qa4 O-O 9. Qxc4 Be7 10. Nc3 Bd7 11. Qb3 $5 (11. Rd1 Rc8 (11... Qb8 12. Bg5 Rd8
13. Rac1 h6 14. Bxf6 Bxf6 15. Ne4 Be7 16. Nc5 Be8 17. Rxd8 Qxd8 18. Nxb7 Qb6
$15 {Sukharisingh-Elseth/Aalborg op (2)/1987/0-1 (27)}) 12. e4 (12. Bg5 Nd5 13.
Nxd5 Bxg5 14. Qb3 Bh6 15. Nc3 b6 16. Qa3 f6 17. Rd3 g6 18. Rad1 Rf7 19. Ne4 Bf8
20. Qc3 Nb8 21. Qd2 Rc7 22. h4 $16 {Suba,M-Stefanov,P/ROM-ch/1983/1-0 (40)})
12... Qa5 13. Qe2 e5 14. h3 Be6 15. Be3 Rfd8 16. Qb5 Qxb5 17. Nxb5 a6 18. Nc3
h6 19. Bb6 Rxd1+ 20. Rxd1 Nd7 21. Be3 Nb4 $10 {Troyke,Ch-Fahnenschmidt,G/Baden
Baden op (05)/1991/0.5 (37)}) (11. e4 Rc8 12. Qe2 e5 13. h3 Nd4 14. Nxd4 exd4
15. Nd5 Nxd5 16. exd5 Bf6 17. Bf4 Re8 18. Qd3 Qb6 19. Rfd1 Qxb2 20. Rab1 Qxa2
21. Rxb7 Qa4 22. Qf1 $1 $14 {Truta,S-Sermek,D/SLO-ch/1993/1-0 (68)}) (11. Be3
Qa5 12. Rfd1 Rfc8 13. Qb3 Qb4 14. Qxb4 Nxb4 15. Ne5 Bc6 16. Nxc6 bxc6 17. Rdc1
Nfd5 {0.5/Nerlov,C-Munck Mortensen,P/Copenhagen op/1988/}) 11... Qb6 $6 (11...
Na5 12. Qc2 $14) 12. Qxb6 axb6 13. Rd1 Rfc8 $6 {[%cal Yd1d7] Black has not
susupected, that it smacks of negligance. Rd1 will have a free ride along the
d file.} (13... e5 14. Be3 Bc5 15. Bg5 $16) 14. Be3 Bc5 (14... Ra6 15. Ng5 $14)
15. Bxc5 bxc5 16. g4 $1 Rd8 (16... Be8 17. g5 Nd7 18. Ne4 $16) (16... h6 17. h4
) 17. g5 Ne8 18. Nd2 $1 (18. Ne4 b6 19. Rd2 Kf8) 18... Rab8 (18... Nc7 19. Nb3
Na6 20. Na4 Be8 (20... c4 21. Nb6 $16) 21. Rxd8 Rxd8 22. Naxc5 Nxc5 23. Nxc5
Rd2 24. Nxb7 Rxb2 25. Nd6 Bd7 26. Bxc6 Bxc6 27. Rc1 Rb6 28. Nc8 $18) 19. Nb3 {
[%csl Yc5,Yc6,Yd7] It becomes clear. that black has a whole complex of weak
squares and his pieces lack coordination.} b6 (19... c4 20. Nc5 Bc8 21. Bxc6
Rxd1+ 22. Rxd1 bxc6 23. Rd8 Kf8 24. Na6 Rb6 25. Nc7 $18) 20. Rxd7 $1 Rxd7 21.
Bxc6 Rd6 22. Bb5 Nc7 23. Bd3 Nd5 24. Nd2 (24. Nxd5 exd5 $1) 24... Nxc3 25. bxc3
b5 26. Ne4 Rc6 27. a4 c4 (27... b4 28. Bb5 Rc7 29. cxb4 cxb4 30. Rb1 $18) 28.
axb5 $1 1-0

[Event "Munich"]
[Site "Munich"]
[Date "1990.??.??"]
[Round "?"]
[White "Ribli, Zoltan"]
[Black "Van der Sterren, Paul"]
[Result "1/2-1/2"]
[WhiteElo "2605"]
[BlackElo "2515"]
[Annotator "Ftacnik,L"]
[PlyCount "110"]
[EventDate "1990.04.??"]
[EventType "tourn"]
[EventRounds "11"]
[EventCountry "GER"]
[EventCategory "13"]
[SourceTitle "CBM 018"]
[Source "ChessBase"]
[SourceDate "1990.10.01"]
[SourceVersion "1"]
[SourceVersionDate "1990.10.01"]
[SourceQuality "1"]

1. c4 e6 2. Nf3 d5 3. d4 Nf6 4. g3 dxc4 5. Bg2 c5 6. O-O Nc6 7. dxc5 Qxd1 8.
Rxd1 Bxc5 9. Nbd2 e5 $6 (9... Ng4 10. Ne4 Be7 11. Nd6+ Bxd6 12. Rxd6 Ke7 13.
Rd1 Rd8 14. Rxd8 Kxd8 15. Bd2 e5 16. Rc1 e4 17. Ng5 e3 18. fxe3 $14 {Miles,
A-Seirawan,Y/USA-ch/1989/ ->CBM 11}) 10. Nxc4 Ng4 11. Nd6+ Bxd6 (11... Ke7 12.
Ne4 Bb6 13. b3 f5 14. Ba3+ $36) 12. Rxd6 Ke7 13. Rd1 f6 14. b4 $5 (14. h3 Nh6
15. Bxh6 gxh6 16. Rac1 Be6 $10) 14... Nxb4 15. Ba3 a5 16. Rac1 Rd8 $8 (16...
Ke6 $2 17. Rc7 Nxa2 18. Rd6+ Kf5 19. Rxg7 Nb4 20. Nh4#) 17. Rc7+ Rd7 (17... Ke8
18. Rxd8+ Kxd8 19. Rxg7 Nxa2 20. Rxh7 $18) 18. Rdxd7+ Bxd7 19. Rxb7 Rc8 (19...
Ke8 20. Bxb4 axb4 21. Rxd7 Kxd7 22. Nxe5+ Nxe5 23. Bxa8 $18) 20. Bh3 h5 21. Ne1
e4 $1 (21... Rd8 22. Nd3 $16) 22. f3 (22. Bxg4 hxg4 23. Bxb4+ axb4 24. Rxb4 f5
{x Ne1}) 22... exf3 23. exf3 Ne5 24. Ra7 (24. Bxd7 Nxd7 25. Bxb4+ axb4 26. Rxb4
Rc1 27. Kf2 Ra1 $14) 24... Ke8 25. Bxd7+ Nxd7 26. Rxa5 Nxa2 27. Rxh5 Rc3 28.
Ra5 Rb3 29. Kf2 Nc3 30. Ra8+ Rb8 31. Ra5 Rb3 32. h4 Nd1+ 33. Ke2 Nc3+ 34. Kf1
Nb5 35. Bc1 Nd4 36. Ra8+ Kf7 37. Ra7 Ke6 38. Kf2 Ne5 $5 (38... g6 $14) 39. Rxg7
Ndxf3 40. Nxf3 Rxf3+ 41. Ke2 (41. Kg2 $5 Rc3 42. Bf4 $14 Nd3) 41... Rc3 42. Bd2
(42. Bf4 Rc2+ 43. Ke3 Rh2) 42... Rc2 43. Kd1 Ra2 44. h5 Ra1+ 45. Kc2 Rh1 46. h6
Rh2 47. Kc3 Nf7 48. h7 (48. Rh7 Ng5 49. Rh8 Nf7) 48... Ng5 $1 49. Bxg5 fxg5 50.
Kd4 Kf6 51. Ra7 Kg6 52. Ke4 Rxh7 53. Rxh7 Kxh7 54. g4 (54. Kf5 g4 55. Kxg4 Kg6
$10) 54... Kg6 55. Ke5 Kg7 1/2-1/2

[Event "Capablanca Memorial-A"]
[Site "Cienfuegos"]
[Date "1991.??.??"]
[Round "5"]
[White "Romero Holmes, Alfonso"]
[Black "Antunes, Antonio"]
[Result "1-0"]
[WhiteElo "2485"]
[BlackElo "2460"]
[Annotator "Ftacnik,L"]
[PlyCount "63"]
[EventDate "1991.??.??"]
[EventType "tourn"]
[EventRounds "13"]
[EventCountry "CUB"]
[EventCategory "10"]
[SourceTitle "CBM 026"]
[Source "ChessBase"]
[SourceDate "1992.02.01"]
[SourceVersion "1"]
[SourceVersionDate "1992.02.01"]
[SourceQuality "1"]

1. d4 {Kortschnoj} d5 2. c4 e6 3. Nf3 Nf6 4. g3 dxc4 5. Bg2 a6 6. O-O b5 7. Ne5
Nd5 8. a4 Bb7 9. axb5 axb5 10. Rxa8 Bxa8 11. e4 Nf6 12. Nc3 c6 13. d5 Bd6 14.
Ng4 $5 {N} (14. Bf4 exd5 15. exd5 cxd5 16. Qa1 Bxe5 17. Bxe5 Nc6 18. Bc7 Qxc7
19. Qxa8+ $16 {Ulybin-Antunes/Bayamo/1991/}) 14... b4 (14... cxd5 15. Nxf6+
Qxf6 16. Nxb5 Be5 17. f4 $19) (14... Nxg4 15. Qxg4 Qf6 16. dxe6 fxe6 17. Rd1 $1
Bc7 18. e5 $16) (14... Be7 15. Nxf6+ Bxf6 16. dxe6 fxe6 17. Qg4 $16) 15. Nxf6+
gxf6 (15... Qxf6 16. Na4 $16) 16. Qa4 (16. Ne2 e5 $1 17. Qc2 cxd5 18. exd5 Qc8
$13) 16... Bb7 $2 (16... bxc3 17. Qxa8 cxb2 18. Bxb2 cxd5 19. exd5 e5 20. Qa4+
Nd7 21. Qxc4 $14) 17. e5 $1 bxc3 18. exd6 (18. dxc6 Bxe5 19. c7+ Qd7 20.
cxb8=Q+ Bxb8 21. Qxd7+ Kxd7 22. Bxb7 cxb2 23. Bxb2 Be5 $1 $16) 18... Qxd6 19.
dxe6 fxe6 20. bxc3 Kf7 21. Rd1 Qe7 (21... Qc5 22. Ba3 Qh5 23. Rb1 $16) 22. Qxc4
Rd8 23. Re1 $1 Nd7 24. Be3 Ne5 $6 (24... Kg7) 25. Qh4 Kg7 26. Bh6+ Kh8 27. Rxe5
Rd1+ 28. Bf1 Ba6 29. Ra5 $1 Bxf1 (29... Rxf1+ 30. Kg2 Qb7 31. Qxf6+) 30. Ra8+
Rd8 31. Qb4 Qd7 (31... Qe8 32. Qb7 $18) 32. Qf8+ $1 {Ftacnik,L} 1-0

[Event "Linares 08th"]
[Site "Linares"]
[Date "1990.??.??"]
[Round "4"]
[White "Gulko, Boris F"]
[Black "Ljubojevic, Ljubomir"]
[Result "1-0"]
[WhiteElo "2610"]
[BlackElo "2625"]
[Annotator "Ftacnik,L"]
[PlyCount "155"]
[EventDate "1990.02.??"]
[EventType "tourn"]
[EventRounds "11"]
[EventCountry "ESP"]
[EventCategory "16"]
[SourceTitle "CBM 017"]
[Source "ChessBase"]
[SourceDate "1990.08.01"]
[SourceVersion "1"]
[SourceVersionDate "1990.08.01"]
[SourceQuality "1"]

1. d4 Nf6 2. c4 e6 3. g3 Bb4+ 4. Bd2 a5 5. Bg2 d5 6. Nf3 dxc4 7. Qc2 b5 $6 {N}
(7... Nc6 8. Qxc4 Qd5) 8. a4 c6 9. axb5 Bxd2+ 10. Nfxd2 $1 Qxd4 11. Qxc4 Qb6 (
11... Qxb2 12. Ra2 (12. Bxc6+ $2 Nxc6 13. Qxc6+ Bd7 14. Qxa8+ Ke7 $22 15. Qxh8
Qc1#) 12... Qe5 13. Bxc6+ $18) (11... Qxc4 12. Nxc4 $16) 12. Nc3 Bb7 (12... Nd5
13. Nxd5 exd5 14. Bxd5) 13. Na4 Qc7 14. b6 Qe7 15. Nb3 Nd5 (15... Ba6 16. Qc5
$16 (16. Bxc6+ $2 Kf8 $22 17. Qc3 Nxc6 18. Qxc6 Bb7)) 16. Nbc5 O-O 17. O-O Ba6
18. Qd4 Rd8 (18... Bxe2 19. b7 Ra7 20. Rfe1 Ba6 21. Nxe6 $1 $18) 19. b7 $1 Bxb7
20. Nxb7 Qxb7 21. e4 $16 Qb4 22. Rfd1 Nd7 23. exd5 Qxd4 24. Rxd4 cxd5 25. Rc1
Rdc8 26. Rxc8+ (26. Rdd1 $5) 26... Rxc8 27. Bxd5 $5 exd5 28. Rxd5 Nf8 29. Rxa5
Rb8 30. Ra6 Rb4 31. Kf1 g5 32. Ke2 Ne6 33. Kd2 g4 34. Ra5 Rb3 35. Kc1 Rf3 36.
Rd5 Rxf2 37. Rd2 Rf5 38. Kc2 Rb5 39. Kc3 h5 40. b4 h4 41. Kc4 Re5 42. Nc5 hxg3
43. hxg3 f5 44. Nxe6 Rxe6 45. b5 Kf7 46. Rb2 f4 47. b6 fxg3 48. b7 g2 49. b8=Q
g1=Q 50. Rb7+ Kg6 (50... Re7 51. Qf4+ Ke8 52. Rb8+ Kd7 53. Qf5+ $18) 51. Qg8+
Kf5 52. Qf7+ Kg5 53. Rb5+ Kh4 54. Qxe6 Qf1+ 55. Kc5 Qf8+ 56. Kc6 Qa8+ 57. Kc7
Qa7+ 58. Kc8 Qa8+ 59. Kc7 Qa7+ 60. Kc8 Qa8+ 61. Rb8 Qa3 62. Rb3 Qa8+ 63. Kd7
Qa7+ 64. Ke8 Qa4+ 65. Ke7 Qa7+ 66. Kf8 Qc5+ 67. Ke8 Qa5 68. Qe7+ Kh5 69. Qe4
Kh4 70. Rb4 Qh5+ 71. Kd7 Qf7+ 72. Kc6 Qf6+ 73. Kb5 Qf1+ 74. Rc4 Qd1 75. Qe7+
Kh3 76. Qh7+ Kg3 77. Rc3+ Kg2 78. Rc2+ {Ftacnik,L} 1-0

[Event "Stara Zagora zt-A"]
[Site "Stara Zagora"]
[Date "1990.??.??"]
[Round "11"]
[White "Ninov, Kiril"]
[Black "Blatny, Pavel"]
[Result "1-0"]
[WhiteElo "2465"]
[BlackElo "2510"]
[Annotator "Ftacnik,L"]
[PlyCount "85"]
[EventDate "1990.02.??"]
[EventType "tourn"]
[EventRounds "13"]
[EventCountry "BUL"]
[EventCategory "9"]
[SourceTitle "CBM 017"]
[Source "ChessBase"]
[SourceDate "1990.08.01"]
[SourceVersion "1"]
[SourceVersionDate "1990.08.01"]
[SourceQuality "1"]

1. Nf3 d5 2. g3 c5 3. Bg2 Nc6 4. d4 Nf6 5. O-O e6 6. c4 dxc4 7. dxc5 Qxd1 8.
Rxd1 Bxc5 9. Nbd2 Ng4 10. Ne4 Be7 11. h3 (11. Nd6+ Bxd6 12. Rxd6 Ke7 13. Rd1
Rd8 14. Rxd8 Kxd8 15. Bd2 e5 16. Rc1 e4 17. Ng5 e3 18. fxe3 Nge5 $14 {Miles,
A-Seirawan,Y/Long Beach ch-US/1989/}) 11... Nge5 12. Nxe5 Nxe5 13. Bf4 Nc6 14.
Nd6+ (14. Rac1 e5 15. Be3 Be6) 14... Bxd6 15. Bxd6 e5 16. Rac1 Be6 17. Bxc6+
bxc6 18. Bxe5 O-O 19. g4 $14 Rfe8 20. Bc3 Bd5 21. Rd2 {/\ f3,e4} Be6 22. Rcd1
f5 23. gxf5 Bxf5 24. h4 Re7 (24... Re4 $5) 25. f3 Rae8 26. e4 Bg6 27. Rd7 Bf7
28. Kf2 Be6 29. Rxe7 Rxe7 30. Rd8+ Kf7 31. Ke3 Rd7 32. Ra8 Rd3+ 33. Kf4 Rd7 34.
Rc8 Bh3 35. Rxc6 Bf1 36. Rc8 Bg2 37. Kg3 Bh1 38. Ra8 g6 39. Bb4 Rb7 40. a3 Rd7
41. Bc5 Rd2 42. Rxa7+ Ke6 43. Kf4 {Ftacnik,L} (43. Kf4 Rd3 44. Re7+ Kf6 45. e5#
) 1-0

[Event "Gausdal Int"]
[Site "Gausdal"]
[Date "1991.??.??"]
[Round "6"]
[White "Krasenkow, Michal"]
[Black "Kaidanov, Gregory S"]
[Result "1-0"]
[WhiteElo "2550"]
[BlackElo "2555"]
[Annotator "Ftacnik,L"]
[PlyCount "79"]
[EventDate "1991.08.??"]
[EventType "swiss"]
[EventRounds "9"]
[EventCountry "NOR"]
[SourceTitle "CBM 025"]
[Source "ChessBase"]
[SourceDate "1991.12.01"]
[SourceVersion "1"]
[SourceVersionDate "1991.12.01"]
[SourceQuality "1"]

1. c4 e6 2. Nf3 d5 3. d4 Nf6 4. g3 dxc4 5. Bg2 a6 6. O-O b5 7. Ne5 Nd5 8. a4
Bb7 9. axb5 axb5 10. Rxa8 Bxa8 11. e4 Nf6 12. Nc3 c6 13. d5 Be7 14. dxe6 fxe6
15. Qe2 O-O 16. Bh3 Qe8 17. Bxe6+ Kh8 18. Bf5 $5 {N} (18. Rd1 c5 19. Bf4 Nc6
20. Nxc6 Bxc6 21. Bh3 Qg6 22. Nd5 Bd8 23. Nxf6 Bxf6 24. Bf5 $16 {Glek-Novikov/
Blagoveshensk/1988/}) 18... c5 19. Bf4 Nc6 $6 (19... b4 20. Nb1 g6 21. Bh3 c3
22. bxc3 Nxe4 $13) 20. Nxb5 $1 Nxe5 21. Nc7 Qc6 22. Bxe5 Nxe4 (22... g6 23. Be6
Qxe4 24. Qxe4 Bxe4 25. Bxc4 $16) 23. Bxe4 Qxe4 24. Qxe4 Bxe4 25. Re1 Bd3 26.
Bxg7+ Kxg7 27. Rxe7+ Kg6 (27... Rf7 28. Ne6+ Kf6 29. Rxf7+ Kxf7 30. Nxc5 $18)
28. Ne8 (28. Ne6 $2 Kf6 29. Nxf8 Kxe7 $19) 28... Rf5 29. g4 Rf7 (29... Rf4 30.
h3 $16) 30. Rxf7 Kxf7 31. Nc7 Ke7 32. f4 Kd6 33. Nb5+ Kd5 34. Kf2 Ke4 35. f5
Ke5 (35... Kf4 36. f6 Bg6 37. Nd6 $18) 36. Kg3 Be4 37. Kh4 Bc6 38. Na3 Kd4 39.
Kg5 c3 40. f6 $1 {Ftacnik,L} (40. f6 $1 Be8 41. Nb5+ Bxb5 42. bxc3+ Kxc3 43. f7
$18) 1-0